000 00249nam a22000977a 4500
100 _aMathew, S.
245 _aRubber products incubation centre (R.P.I.C.)
260 _bRubber, 700(September): 12-14.
_c2024
650 _aIncubation centre
942 _cJS
999 _c75352
_d75352